Climates and weather explained : an introduction from southern perspective
Αποθηκεύτηκε σε:
| Κύριος συγγραφέας: | |
|---|---|
| Άλλοι συγγραφείς: | |
| Μορφή: | Βιβλίο |
| Γλώσσα: | English |
| Δημοσίευση: |
London :
Routledge,
1997
|
| Θέματα: | |
| Ετικέτες: |
Προσθήκη ετικέτας
Δεν υπάρχουν, Καταχωρήστε ετικέτα πρώτοι!
|
MARC
| LEADER | 00000nam a2200000 i 4500 | ||
|---|---|---|---|
| 001 | 1/69954 | ||
| 008 | 981111s1997 eng d | ||
| 020 | |a 0-415-12520-0 | ||
| 035 | |l 10030506 | ||
| 040 | |a GR-MY-UA |b gre |e aacr | ||
| 041 | 0 | |a eng | |
| 082 | 0 | |a 551.5 | |
| 100 | 1 | |a Linacre, Edward |d 1925- | |
| 245 | 1 | 0 | |a Climates and weather explained : |b an introduction from southern perspective / |c Edward Linacre; Bart Geerts |
| 260 | |a London : |b Routledge, |c 1997 | ||
| 300 | |a 432 p. |b fig.; tabl. |e 1 cdrom | ||
| 504 | |a Includes bibliographical references and index | ||
| 650 | 0 | 0 | |a Atmospheric physics. |
| 650 | 0 | 0 | |a Climatology. |
| 650 | 0 | 0 | |a Meteorology. |
| 651 | 0 | |a Southern Hemisphere |x Climate. | |
| 700 | 1 | |a Geerts, Bart |d 1963- | |
| 852 | |a INST |b LESVOS |e 19981111 |h 551.5 LIN |p 005100012701 |q 005100012701 |t BK |y 0 | ||
| 852 | |a INST |b LESVOS |e 19981119 |h 551.5 LIN |p 005100018037 |q 005100018037 |t BK |y 0 | ||
| 901 | |a BIBL-1998-3 | ||
| 909 | |a Λ |b 059788 | ||
| 909 | |a Λ |b 061118 | ||
| 922 | |a 1ΕΛΗ |b 199810 |c ΚΠΣ/ΤΠ |d ΠΑΠΑΣΩΤΗΡΙΟΥ | ||
| 950 | |a 118-1998-07-21 | ||